Adele Discography - Statistics

General Stats
  • This quiz has been taken 75 times
  • The average score is 23 of 34
Answer Stats
Hint Answer % Correct
25 Hello
97%
21 Rolling in the Deep
97%
21 Someone Like You
91%
21 Set Fire to the Rain
88%
19 Chasing Pavements
83%
21 Rumour Has It
83%
25 When We Were Young
80%
19 Hometown Glory
78%
25 Water Under the Bridge
78%
21 Turning Tables
75%
25 All I Ask
74%
25 Send My Love (To Your New Lover)
72%
19 Make You Feel My Love
71%
21 One And Only
69%
25 Love in the Dark
68%
21 Don't You Remember
66%
25 I Miss You
66%
21 Lovesong
66%
25 Million Years Ago
66%
25 River Lea
66%
21 I'll Be Waiting
63%
25 Sweetest Devotion
63%
21 Take It All
62%
19 Daydreamer
58%
25 Remedy
58%
19 Cold Shoulder
55%
19 Right As Rain
55%
21 He Won't Go
54%
19 Best For Last
52%
19 Melt My Heart To Stone
52%
19 My Same
52%
19 Crazy For You
51%
19 First Love
51%
19 Tired
51%
No matching quizzes found
Score Distribution
Percent of People with Each Score
Percentile by Number Answered
Your Score History
You have not taken this quiz